000 02383nam a2200433 a 4500
001 ebr10286189
003 CaPaEBR
006 m u
007 cr cn|||||||||
008 090126s2009 dcua sb 000 0 eng d
010 _z 2009003375
016 7 _z101494468
_2DNLM
020 _z9780309124997 (pbk.)
020 _z0309124999 (pbk.)
040 _aCaPaEBR
_cCaPaEBR
035 _a(OCoLC)311551818
043 _an-us---
050 1 4 _aR864
_b.B49 2009eb
082 0 4 _a651.5/04261
_222
245 0 0 _aBeyond the HIPAA privacy rule
_h[electronic resource] :
_benhancing privacy, improving health through research /
_cSharyl J. Nass, Laura A. Levit, and Lawrence O. Gostin, editors ; Committee on Health Research and the Privacy of Health Information, the HIPAA Privacy Rule, Board on Health Sciences Policy, Board on Health Care Services.
260 _aWashington, D.C. :
_bNational Academies Press,
_cc2009.
300 _axiv, 320 p. :
_bill.
504 _aIncludes bibliographical references.
505 0 _aIntroduction -- The value and importance of health information privacy -- The value, importance, and oversight of health research -- HIPAA, the privacy rule, and its application to health research -- Effect of the HIPAA privacy rule on health research -- A new framework for protecting privacy in health research.
533 _aElectronic reproduction.
_bPalo Alto, Calif. :
_cebrary,
_d2013.
_nAvailable via World Wide Web.
_nAccess may be limited to ebrary affiliated libraries.
610 1 0 _aUnited States.
_tHealth Insurance Portability and Accountability Act of 1996.
650 0 _aMedical records
_xAccess control
_zUnited States.
650 0 _aHealth
_xResearch
_zUnited States.
650 0 _aPrivacy, Right of
_zUnited States.
655 7 _aElectronic books.
_2local
700 1 _aNass, Sharyl J.
700 1 _aLevit, Laura A.
700 1 _aGostin, Lawrence O.
_q(Lawrence Ogalthorpe)
710 2 _aInstitute of Medicine (U.S.).
_bCommittee on Health Research and the Privacy of Health Information, the HIPAA Privacy Rule.
710 2 _aInstitute of Medicine (U.S.).
_bBoard on Health Care Services.
710 2 _aInstitute of Medicine (U.S.).
_bBoard on Health Sciences Policy.
710 2 _aebrary, Inc.
856 4 0 _uhttp://site.ebrary.com/lib/rucke/Doc?id=10286189
_zAn electronic book accessible through the World Wide Web; click to view
999 _c2078
_d2078